Online
Catalog

La causa de las mujeres / (Record no. 22845)

MARC details
000 -CABECERA
campo de control de longitud fija 00882nam a2200265 a 4500
001 - NÚMERO DE CONTROL
campo de control 000023348
005 - FECHA Y HORA DE LA ÚLTIMA TRANSACCIÓN
campo de control 20250428113921.0
008 - DATOS DE LONGITUD FIJA--INFORMACIÓN GENERAL
campo de control de longitud fija 101202s1976 mx r 000 | spa d
040 ## - FUENTE DE LA CATALOGACIÓN
Centro catalogador/agencia de origen DO-SdBNP
Lengua de catalogación spa
Centro/agencia transcriptor BNPHU
082 ## - NÚMERO DE LA CLASIFICACIÓN DECIMAL DEWEY
Número de clasificación 305.43
Número de documento/Ítem H173c
049 ## - FONDOS LOCALES (OCLC)
Fondos de biblioteca BNGR
100 1# - ENTRADA PRINCIPAL--NOMBRE DE PERSONA
Nombre de persona Halimi, Gisèle
9 (RLIN) 48094
240 13 - TÍTULO UNIFORME
Título uniforme La cause des femmes
Lenguaje de la obra Español.
245 13 - MENCIÓN DE TÍTULO
Título La causa de las mujeres /
Mención de responsabilidad, etc. Gisèle Halimi ; traducción Josefina Rubio.
260 ## - PUBLICACIÓN, DISTRIBUCIÓN, ETC.
Lugar de publicación, distribución, etc. México :
Nombre del editor, distribuidor, etc. Ediciones Era,
Fecha de publicación, distribución, etc. 1976.
300 ## - DESCRIPCIÓN FÍSICA
Extensión 192 p. ;
Dimensiones 18 cm.
490 1# - MENCIÓN DE SERIE
Mención de serie Popular Era
500 ## - NOTA GENERAL
Nota general Título original en francés.
590 ## - NOTA LOCAL (RLIN)
Nota local Perteneció a la biblioteca personal de Juan Isidro Jimenes Grullón.
650 #0 - PUNTO DE ACCESO ADICIONAL DE MATERIA--TÉRMINO DE MATERIA
Término de materia o nombre geográfico como elemento de entrada Mujeres
9 (RLIN) 13968
650 #0 - PUNTO DE ACCESO ADICIONAL DE MATERIA--TÉRMINO DE MATERIA
Término de materia o nombre geográfico como elemento de entrada Mujeres en el desarrollo de la comunidad
9 (RLIN) 2086
650 #0 - PUNTO DE ACCESO ADICIONAL DE MATERIA--TÉRMINO DE MATERIA
Término de materia o nombre geográfico como elemento de entrada Mujeres en desarrollo
9 (RLIN) 48095
700 1# - PUNTO DE ACCESO ADICIONAL--NOMBRE DE PERSONA
Nombre de persona Rubio, Josefina,
Término indicativo de función/relación tr.
9 (RLIN) 48096
830 #0 - PUNTO DE ACCESO ADICIONAL DE SERIE-TÍTULO UNIFORME
Título uniforme Popular Era
9 (RLIN) 27371
Holdings
Estado de retiro Estado de pérdida Restricciones de uso No para préstamo Código de colección Localización permanente Ubicación/localización actual Ubicación en estantería Fecha de adquisición Número de inventario Total de préstamos Signatura topográfica completa Código de barras Fecha visto por última vez Precio válido a partir de Tipo de ítem Koha Nota pública Número de copia
      Excluido de préstamo Monografías: Libros y Folletos General General Depósito 02.12.2010 LF1   305.43 H173c 23348-10 25.06.2020 25.06.2020 No se presta Perteneció a la biblioteca personal de Juan Isidro Jimenes Grullón  
  Extraviado   Excluido de préstamo Monografías: Libros y Folletos General General Extraviado 18.04.2017 LF1   305.43 H173c 23348-20 25.06.2020 25.06.2020 No se presta   e. 2
  Extraviado     Monografías: Libros y Folletos General General Extraviado 18.04.2017 LF1   305.43 H173c 23348-30 25.06.2020 25.06.2020 Préstamo en sala   e. 3

Powered by Koha